ბათუმის შოთა რუსთაველის სახელმწიფო უნივერსიტეტის ბიბლიოთეკა

Валютное право. (ბიბ.ჩანაწერი № 36075)

000 -LEADER
fixed length control field 00626nam a2200241Ia 4500
001 - CONTROL NUMBER
control field 1975
003 - CONTROL NUMBER IDENTIFIER
control field GE_BSU
008 - FIXED-LENGTH DATA ELEMENTS--GENERAL INFORMATION
fixed length control field 181216s||||||||xx |||||||||||||| ||und||
020 ## - INTERNATIONAL STANDARD BOOK NUMBER
International Standard Book Number 9785969201620
040 ## - CATALOGING SOURCE
Transcribing agency GE_BSU
080 ## - UNIVERSAL DECIMAL CLASSIFICATION NUMBER
Universal Decimal Classification number 347.7(075.8)
100 ## - MAIN ENTRY--PERSONAL NAME
Personal name Крохина,Ю.А.
245 ## - TITLE STATEMENT
Title Валютное право.
245 ## - TITLE STATEMENT
Remainder of title Учебник для вузов
245 ## - TITLE STATEMENT
Statement of responsibility, etc. Под ред.Ю.А.Крохиной
260 ## - PUBLICATION, DISTRIBUTION, ETC.
Place of publication, distribution, etc. Москва
260 ## - PUBLICATION, DISTRIBUTION, ETC.
Name of publisher, distributor, etc. Высшее образование
260 ## - PUBLICATION, DISTRIBUTION, ETC.
Date of publication, distribution, etc. 2007
300 ## - PHYSICAL DESCRIPTION
Extent 378стр.
653 ## - INDEX TERM--UNCONTROLLED
Uncontrolled term Валютное право.
942 ## - ADDED ENTRY ELEMENTS (KOHA)
Koha item type წიგნი
ეგზემპლარები
Withdrawn status Lost status Damaged status Not for loan Date acquired Barcode Date last seen Price effective from Koha item type
        2018-12-17 3792 2018-12-17 2018-12-17 წიგნი